Country Letters by Full Name - Statistics

General Stats
  • This quiz has been taken 31 times
  • The average score is 12 of 27
Answer Stats
Hint Answer % Correct
NZ New Zealand
100%
UK United Kingdom
100%
USA United States of America
100%
UAE United Arab Emirates
88%
GB Great Britain
77%
DRC Democratic Republic of the Congo
62%
CAR Central African Republic
58%
DR Dominican Republic
50%
PNG Papua New Guinea
50%
DPRK Democratic People’s Republic of Korea
46%
PRC People’s Republic of China
46%
ROC Republic of China | Republic of the Congo
46%
ROK Republic of Korea
46%
FSM Federated States of Micronesia
38%
BiH Bosnia and Herzegovina
35%
USSR Union of Soviet Socialist Republics
35%
UAR United Arab Republic
35%
KSA Kingdom of Saudi Arabia
27%
FYROM Former Yugoslav Republic of Macedonia
23%
HRE Holy Roman Empire
19%
GDR German Democratic Republic
15%
SKN/SKAN Saint Kitts and Nevis
15%
SVG Saint Vincent and the Grenadines
15%
FRG Federal Republic of Germany
12%
IRI Islamic Republic of Iran
8%
SFRY Socialist Federal Republic of Yugoslavia
8%
SFSR Soviet Federative Socialist Republic
4%
No matching quizzes found
Score Distribution
Percent of People with Each Score
Percentile by Number Answered
Your Score History
You have not taken this quiz